Univalent Functions

Αποθηκεύτηκε σε:
Λεπτομέρειες βιβλιογραφικής εγγραφής
Κύριος συγγραφέας: Duren, Peter L. 1935-
Μορφή: Βιβλίο
Γλώσσα:English
Δημοσίευση: New York : Springer-Verlag, 1983
Σειρά:Grundlehren der mathematischen wissenschaften ; ; 259
Θέματα:
Ετικέτες: Προσθήκη ετικέτας
Δεν υπάρχουν, Καταχωρήστε ετικέτα πρώτοι!

MARC

LEADER 00000nam a2200000 i 4500
001 1/28246
008 960529s1983 eng d
020 |a 0-387-90795-5 
035 |a 1995  |l 10038027 
040 |a GR-MY-UA  |b gre  |e aacr 
041 0 |a eng 
082 0 |a 515. 
100 1 |a Duren, Peter L.  |d 1935- 
245 1 0 |a Univalent Functions /  |c Peter L. Duren 
260 |a New York :   |b Springer-Verlag,   |c 1983 
300 |a 382 p.;  |c 24 cm. 
490 1 |a Grundlehren der mathematischen Wissenschaften  |v ; 259 
500 |a Includes bibliographical references and index 
650 0 0 |a Univalent functions. 
830 0 |a Grundlehren der mathematischen wissenschaften ;  |v ; 259 
852 |a INST  |b SAMOS  |e 19960529  |h 515 DUR  |p 005300005143  |q 005300005143  |t BK  |y 0 
909 |a Σ  |b 039316